| 000 | 02796pam a22003494a 4500 | ||
|---|---|---|---|
| 001 | 5690833 | ||
| 003 | ARRUPE | ||
| 005 | 20150908142424.0 | ||
| 008 | 060314s2006 paua b 001 0 eng | ||
| 010 | _a 2006008877 | ||
| 015 |
_aGBA646475 _2bnb |
||
| 016 | 7 |
_a013464651 _2Uk |
|
| 020 | _a0822942844 (cloth : alk. paper) | ||
| 024 | 3 | _a9780822942849 | |
| 035 | _a(OCoLC)OCM65201229 | ||
| 035 | _a(NNC)5690833 | ||
| 040 |
_aDLC _cDLC _dBAKER _dUKM _dC#P _dOrLoB-B |
||
| 042 | _apcc | ||
| 050 | 0 | 0 |
_aQ175 _b.R23 2006 |
| 082 | 0 | 0 |
_a501 _222 |
| 100 | 1 |
_aRadder, Hans. _919503 |
|
| 245 | 1 | 4 |
_aThe world observed, the world conceived / _cHans Radder. |
| 260 |
_aPittsburgh : _bUniversity of Pittsburgh Press, _cc2006. |
||
| 300 |
_ax, 220 p. : _bill. ; _c24 cm. |
||
| 504 | _aIncludes bibliographical references (p. [201]-211) and index. | ||
| 505 | 0 | 0 |
_g1. _tObservation and conceptual interpretation -- _g2. _tThe absence of experience in empiricism -- _g3. _tThe conceptual analysis of observation -- _g4. _tThe interaction-information theory of observability and observation -- _g5. _tConnectionist accounts of observation -- _g6. _tA hermeneutical approach to perception -- _g7. _tThe material realization and conceptual interpretation of observational processes -- _g8. _tHow concepts structure the world -- _g9. _tThe extensibility of concepts to novel observational processes -- _g10. _tExtensible concepts, abstraction, and nonlocals -- _g11. _tWider philosophical implications -- _g12. _tAbstraction, formalization, and digitization -- _g13. _tAristotelian abstraction and scientific theorizing -- _g14. _tAbstraction and the extension of actor networks -- _g15. _tMeaning finitism and the sociology of scientific knowledge -- _g16. _tProduct patenting as the exploitation of abstract possibilities -- _g17. _tEpilogue : experience, naturalism, and critique. |
| 520 | 1 | _a"Observation and conceptual interpretation constitute two major ways through which human beings engage the world. The World Observed/The World Conceived presents an innovative analysis of the nature and role of observation and conceptualization. While these two actions are often treated as separate, Hans Radder shows that they are inherently interconnected - that materially realized observational processes are always conceptually interpreted, and that the meaning of concepts depends on the way they structure observational processes and abstract from them. He examines the role of human action and conceptualization in realizing observational processes and develops a detailed theory of the relationship between observation, abstraction, and the meaning of concepts."--BOOK JACKET. | |
| 650 | 0 |
_aScience _xPhilosophy. _919504 |
|
| 900 | _bTOC | ||
| 942 |
_2lcc _cMONOGRAPH |
||
| 948 | 1 |
_a20060726 _bc _coc2016 _dMPS |
|
| 999 |
_c123296 _d123296 |
||